[Event "World Blitz 2015"]
[Site "Berlin GER"]
[Date "2015.10.13"]
[Round "5.59"]
[White "Mikhalevski, Victor"]
[Black "Nepomniachtchi, Ian"]
[Result "0-1"]
[WhiteTitle "GM"]
[BlackTitle "GM"]
[WhiteElo "2536"]
[BlackElo "2705"]
[WhiteFideId "2801914"]
[BlackFideId "4168119"]
[EventDate "2015.10.13"]

1. Nf3 g6 2. g3 Bg7 3. d4 d6 4. Bg2 f5 5. O-O Nf6 6. b3 O-O 7. Bb2 c6 8. c4 a5
9. Nc3 Qc7 10. Rc1 e5 11. dxe5 dxe5 12. e4 f4 13. gxf4 Nh5 14. fxe5 Bg4 15. Ba3
Nd7 16. Bd6 Qb6 17. c5 Qa7 18. h3 Bxf3 19. Bxf3 Nf4 20. e6 Nxe6 21. Na4 Rf7 22.
Bg4 Re8 23. Bxe6 Rxe6 24. Qg4 Re8 25. Rcd1 Nf6 26. Qg2 Nxe4 27. Rde1 Nxd6 28.
cxd6 Rd8 29. Re6 Qd4 30. Qg3 Bf8 31. Qe5 Qxe5 32. Rxe5 Bxd6 33. Rxa5 b5 34. Nb2
Bc5 35. Nd1 Rd2 36. Ra6 Rf6 37. a4 b4 38. a5 Rd3 39. Ra8+ Kg7 40. Ne3 Rxb3 41.
Ng4 Re6 42. Rd1 h5 43. Rd7+ Re7 44. Raa7 hxg4 45. Rxe7+ Bxe7 46. Rxe7+ Kh6 47.
hxg4 Ra3 48. Rb7 c5 49. Rb5 b3 50. Kg2 c4 51. Rb4 c3 0-1

[Event "World Blitz 2015"]
[Site "Berlin GER"]
[Date "2015.10.13"]
[Round "5.60"]
[White "Bogdanovich, Stanislav"]
[Black "Guliyev, Namig"]
[Result "1-0"]
[WhiteTitle "IM"]
[BlackTitle "GM"]
[WhiteElo "2590"]
[BlackElo "2579"]
[WhiteFideId "14115298"]
[BlackFideId "13400363"]
[EventDate "2015.10.13"]

1. d4 d5 2. c4 dxc4 3. Nf3 Nf6 4. e3 e6 5. Bxc4 a6 6. O-O b5 7. Be2 Bb7 8. a4 b4
9. Nbd2 c5 10. Nb3 Nbd7 11. Bd2 cxd4 12. Nbxd4 e5 13. Nf5 g6 14. Ng3 Be7 15. Qb3
a5 16. e4 O-O 17. Bh6 Nc5 18. Qc4 Ba6 19. Qc2 b3 20. Qc1 Bxe2 21. Nxe2 Re8 22.
Nxe5 Ncxe4 23. Nc6 Qd5 24. Nxe7+ Rxe7 25. Be3 Ng4 26. h3 Nxe3 27. Qxe3 Rae8 28.
Nc3 Qc4 29. Nb5 Qb4 30. Rfd1 Nc5 31. Qf3 Nxa4 32. Nd4 Nxb2 33. Nc6 Re1+ 34. Kh2
Rxd1 35. Nxb4 Rxa1 36. Nd5 Rae1 37. Nf6+ Kg7 38. Nxe8+ Rxe8 39. Qc3+ Kg8 40.
Qxb3 Re2 41. Qf3 Rd2 42. Qf4 Rd8 43. Qf6 Rb8 44. Qe5 Rb4 45. Qxa5 Rb3 46. Qd5
Rb8 47. Qe5 Rb3 48. Qe8+ Kg7 49. Qe5+ Kg8 50. Qd5 Rb8 51. Qd6 Rb3 52. Qd5 Rb8
53. Qd4 h5 54. g3 Rb3 55. Qd5 Rb8 56. Qe5 Rb3 57. Qe8+ Kg7 58. Qe5+ Kg8 59. Qd5
Rb8 60. Kg2 Rb4 61. Qd6 Rb3 62. Qd8+ Kg7 63. Qd5 Rb4 64. Qc5 Rb3 65. Qc2 Rb8 66.
Qc7 Rb3 67. Qc2 Rb8 68. g4 hxg4 69. hxg4 Kg8 70. Kg3 Rb5 71. f3 Rb8 72. Qc7 Rb3
73. Qd8+ Kg7 74. Qd4+ Kg8 75. Qd5 Rb4 76. Qc5 Rb3 77. Qc2 Rb8 78. f4 Rb5 79. f5
gxf5 80. gxf5 Kg7 81. Kg4 Rb6 82. Kg5 f6+ 83. Kh5 Rb4 84. Qc7+ Kg8 85. Qd8+ Kg7
86. Qe7+ 1-0

[Event "World Blitz 2015"]
[Site "Berlin GER"]
[Date "2015.10.13"]
[Round "5.61"]
[White "Rakhmanov, Aleksandr"]
[Black "Bezold, Michael"]
[Result "1/2-1/2"]
[WhiteTitle "GM"]
[BlackTitle "GM"]
[WhiteElo "2637"]
[BlackElo "2509"]
[WhiteFideId "4173708"]
[BlackFideId "4601718"]
[EventDate "2015.10.13"]

1. c4 c5 2. Nc3 Nf6 3. g3 e6 4. Nf3 Be7 5. Bg2 a6 6. O-O O-O 7. d4 cxd4 8. Qxd4
Nc6 9. Qd1 Qc7 10. Bf4 d6 11. Rc1 Qb8 12. c5 Rd8 13. Qb3 h6 14. Rfd1 e5 15. cxd6
Rxd6 16. Rxd6 Bxd6 17. Be3 Be6 18. Qa4 Qe8 19. Nd2 Rc8 20. h3 Bd7 21. Qd1 Nd4
22. Bxd4 exd4 23. Nce4 Rxc1 24. Nxf6+ gxf6 25. Qxc1 Qxe2 26. Ne4 Be5 27. Qxh6
Bc6 28. Nxf6+ Bxf6 29. Qxf6 Bxg2 30. Kxg2 d3 31. Qf3 b5 32. h4 Qc2 33. Qg4+ Kf8
34. Qb4+ Kg8 35. Qg4+ Kf8 36. Qb4+ Kg8 37. Qg4+ Kf8 1/2-1/2

[Event "World Blitz 2015"]
[Site "Berlin GER"]
[Date "2015.10.13"]
[Round "5.62"]
[White "Kunin, Vitaly"]
[Black "Munoz Pantoja, Miguel"]
[Result "0-1"]
[WhiteTitle "GM"]
[BlackTitle "GM"]
[WhiteElo "2556"]
[BlackElo "2441"]
[WhiteFideId "4128737"]
[BlackFideId "3800229"]
[EventDate "2015.10.13"]

1. d4 c5 2. d5 Nf6 3. Nc3 Qa5 4. Bd2 b5 5. Ne4 Qb6 6. Nxf6+ exf6 7. e4 g6 8. Qc1
Bg7 9. Bh6 O-O 10. Bxg7 Kxg7 11. Be2 Re8 12. f3 d6 13. h4 h6 14. Nh3 Bxh3 15.
Rxh3 Nd7 16. Qd2 a5 17. O-O-O c4 18. g4 Rac8 19. Qd4 Qxd4 20. Rxd4 f5 21. gxf5
gxf5 22. Rg3+ Kf6 23. Rd1 fxe4 24. fxe4 Rxe4 25. Rf1+ Ke7 26. Rg7 Ne5 27. Bh5
Rf8 28. Rh7 Rxh4 29. Rxh6 b4 30. Rh7 a4 31. Re1 Kf6 32. Rf1+ Ke7 33. Re1 b3 34.
axb3 axb3 35. Bg6 Rxh7 36. Bxh7 Rh8 37. Bf5 Rh5 38. Bg4 Rh2 39. Bd1 bxc2 40.
Bxc2 Rf2 41. b3 cxb3 42. Bxb3 f5 43. Rh1 Nd3+ 44. Kd1 Nc5 0-1

[Event "World Blitz 2015"]
[Site "Berlin GER"]
[Date "2015.10.13"]
[Round "5.64"]
[White "Wagner, Dennis"]
[Black "Agrest, Evgenij"]
[Result "1-0"]
[WhiteTitle "GM"]
[BlackTitle "GM"]
[WhiteElo "2575"]
[BlackElo "2596"]
[WhiteFideId "24650684"]
[BlackFideId "1705024"]
[EventDate "2015.10.13"]

1. d4 d5 2. c4 c6 3. Nf3 Nf6 4. Nc3 e6 5. e3 a6 6. c5 Nbd7 7. Qc2 g6 8. Na4 Bg7
9. Bd3 O-O 10. b4 Re8 11. Bb2 e5 12. dxe5 Ng4 13. e6 Rxe6 14. Bxg7 Kxg7 15. Nd4
Re8 16. Be2 Ndf6 17. Nb6 Rb8 18. h3 Ne5 19. O-O Ne4 20. Bd3 Nxd3 21. Qxd3 Qg5
22. Nf3 Qh5 23. Qd4+ Kg8 24. Nh2 Be6 25. Ng4 Bxg4 26. hxg4 Qh4 27. Nd7 Rbd8 28.
Ne5 Qg5 29. Nd3 Nf6 30. f4 Qh4 31. g5 Ng4 32. Rfe1 Qh2+ 33. Kf1 Re4 34. Qb2 Qh1+
35. Ke2 Qxg2+ 36. Kd1 Nxe3+ 37. Kc1 Qxb2+ 38. Kxb2 Nc4+ 39. Kc3 Rde8 40. Rxe4
Rxe4 41. a4 a5 42. b5 Re2 43. Rb1 Na3 44. Rb3 Rc2+ 45. Kd4 Nc4 46. bxc6 bxc6 47.
Ne5 Nxe5 48. Kxe5 Kg7 49. Kd6 Rc4 50. Kxc6 Rxa4 51. Kxd5 Rxf4 52. c6 Rf5+ 53.
Kd6 Rf1 54. Rc3 Rd1+ 55. Ke7 Re1+ 56. Kd7 Rd1+ 57. Ke8 Re1+ 58. Kd8 Rd1+ 59. Ke7
Re1+ 60. Kd6 Rd1+ 61. Ke5 Re1+ 62. Kd5 Rd1+ 63. Kc5 Rd8 64. c7 Rc8 65. Kd6 h6
66. gxh6+ Kxh6 67. Kd7 Rxc7+ 68. Kxc7 Kg5 69. Kd6 f5 70. Ke5 Kg4 71. Ra3 g5 72.
Rxa5 f4 73. Ke4 f3 74. Rf5 Kh4 75. Kxf3 g4+ 76. Kg2 g3 77. Rf4+ Kg5 78. Kxg3 1-0

[Event "World Blitz 2015"]
[Site "Berlin GER"]
[Date "2015.10.13"]
[Round "5.66"]
[White "Abel, Dennes"]
[Black "Motylev, Alexander"]
[Result "1-0"]
[WhiteTitle "IM"]
[BlackTitle "GM"]
[WhiteElo "2441"]
[BlackElo "2649"]
[WhiteFideId "24605417"]
[BlackFideId "4121830"]
[EventDate "2015.10.13"]

1. d4 d5 2. c4 c6 3. Nf3 Nf6 4. Nc3 dxc4 5. a4 e6 6. g3 Nbd7 7. Bg2 a5 8. O-O
Be7 9. e4 O-O 10. Qe2 b6 11. h3 Ba6 12. g4 Qc7 13. g5 Ne8 14. e5 Qd8 15. h4 Nc7
16. Nh2 Nd5 17. Ng4 Kh8 18. Kh2 Qc7 19. f4 Rae8 20. Rg1 Nxc3 21. bxc3 c5 22. d5
exd5 23. Bxd5 Rd8 24. Be4 Rfe8 25. Qg2 Nf8 26. Nf6 Rd3 27. Nxe8 Qd8 28. Nd6 Bxd6
29. exd6 Rxd6 30. Be3 Ng6 31. Bxg6 hxg6 32. Ra2 Rd3 33. Rd2 Qe8 34. Rxd3 cxd3
35. Bd2 Kh7 36. Re1 Qd7 37. Kg3 Bb7 38. Qh3 Qc6 39. Kf2 Bc8 40. Qf3 Qxa4 41. h5
Qc2 42. hxg6+ Kxg6 43. Qc6+ Be6 44. f5+ Kh5 45. Rh1+ 1-0

[Event "World Blitz 2015"]
[Site "Berlin GER"]
[Date "2015.10.13"]
[Round "5.68"]
[White "Huzman, Alexander"]
[Black "Demuth, Adrien"]
[Result "0-1"]
[WhiteTitle "GM"]
[BlackTitle "GM"]
[WhiteElo "2580"]
[BlackElo "2545"]
[WhiteFideId "2803828"]
[BlackFideId "642274"]
[EventDate "2015.10.13"]

1. d4 d5 2. c4 e6 3. Nf3 c5 4. cxd5 exd5 5. g3 Nf6 6. Bg2 Be7 7. O-O Nc6 8. Nc3
O-O 9. Bf4 c4 10. Ne5 Be6 11. e4 dxe4 12. Nxc6 bxc6 13. Nxe4 Bd5 14. Re1 Re8 15.
Qc2 Qa5 16. Be5 Ng4 17. Nc3 Bb4 18. Bxd5 cxd5 19. Rad1 Bxc3 20. bxc3 Rad8 21.
Bf4 Nf6 22. Bg5 Rxe1+ 23. Rxe1 Re8 24. Rxe8+ Nxe8 25. Qe2 Nf6 26. Bxf6 gxf6 27.
Qf3 Qxa2 28. Qxd5 Qa1+ 29. Kg2 Qxc3 30. Qd8+ Kg7 31. d5 Qd3 32. d6 c3 33. Qc7 c2
34. d7 Qd5+ 35. Kg1 Qd1+ 36. Kg2 c1=Q 37. Qxc1 Qxc1 38. d8=Q Qc6+ 39. Kg1 Qc5
40. Qd7 a5 41. Qg4+ Qg5 42. Qa4 h5 43. h4 Qc1+ 44. Kg2 Qc5 45. Qd1 Kg6 46. Qb1+
f5 47. Qd1 Qc6+ 48. Kh2 a4 49. Qd8 Qe4 50. Qg8+ Kf6 51. Qg5+ Ke6 52. Qxh5 a3 53.
Qh6+ Kd7 54. Qa6 Qf3 55. Kg1 Qd1+ 56. Kh2 Qf3 57. Qa7+ Ke6 58. Kg1 Qd1+ 59. Kh2
Qf3 60. Qd4 Qb3 61. h5 Qb2 62. Qc4+ Kf6 63. Kg2 a2 64. Qh4+ Ke6 65. Qc4+ Ke7 66.
Qc7+ Kf6 67. Qd8+ Kg7 68. Qg5+ Kf8 69. Qd8+ Kg7 70. Qg5+ Kh8 71. Qh6+ Kg8 72.
Qg5+ Qg7 73. Qxf5 a1=Q 74. Qc8+ Qf8 75. Qg4+ Qag7 76. Qf5 Qa8+ 77. Kh2 Qc6 78.
Kg1 Qa1+ 0-1

[Event "World Blitz 2015"]
[Site "Berlin GER"]
[Date "2015.10.13"]
[Round "5.69"]
[White "Lagunow, Raphael"]
[Black "Lagarde, Maxime"]
[Result "0-1"]
[BlackTitle "GM"]
[WhiteElo "2164"]
[BlackElo "2550"]
[WhiteFideId "24652644"]
[BlackFideId "662399"]
[EventDate "2015.10.13"]

1. e4 c5 2. c3 e6 3. d4 d5 4. exd5 exd5 5. Be3 c4 6. b3 cxb3 7. axb3 Nc6 8. Nf3
Bd6 9. Bd3 Nge7 10. O-O Bg4 11. h3 Bh5 12. Nbd2 h6 13. c4 O-O 14. Re1 f5 15.
cxd5 Nb4 16. Bc4 f4 17. Ne4 fxe3 18. fxe3 Bxf3 19. gxf3 Nexd5 20. Qe2 Kh8 21.
Rad1 Rc8 22. Qg2 Be7 23. Rd2 Bh4 24. Ree2 Nf6 25. Nc5 Qe7 26. e4 b5 27. Bxb5
Rxc5 28. dxc5 Qxc5+ 29. Kh1 Qxb5 30. e5 Nfd5 31. Qg4 Bg5 32. Rd4 Qxe2 33. Rxb4
Qf1+ 34. Kh2 Nxb4 0-1

[Event "World Blitz 2015"]
[Site "Berlin GER"]
[Date "2015.10.13"]
[Round "5.70"]
[White "Lagno, Kateryna"]
[Black "Przybylski, Wojciech"]
[Result "1-0"]
[WhiteTitle "GM"]
[BlackTitle "FM"]
[WhiteElo "2523"]
[BlackElo "2354"]
[WhiteFideId "14109336"]
[BlackFideId "1117599"]
[EventDate "2015.10.13"]

1. e4 e5 2. Nf3 Nf6 3. Nxe5 d6 4. Nf3 Nxe4 5. d4 d5 6. Bd3 Bd6 7. O-O O-O 8. c4
c6 9. Nc3 Nxc3 10. bxc3 dxc4 11. Bxc4 Bg4 12. h3 Bh5 13. Re1 Nd7 14. Be3 b5 15.
Be2 Nb6 16. Ne5 Bxe2 17. Qxe2 Qc7 18. Qg4 f5 19. Qf3 Nd5 20. Bd2 Rae8 21. Nd3
Qd7 22. Rxe8 Rxe8 23. a4 a6 24. axb5 axb5 25. Ra6 Qb7 26. Ra2 Qf7 27. Ra6 Qb7
28. Ra1 Qf7 29. g3 h6 30. Kg2 Kh7 31. Ra6 Qd7 32. Bf4 Bxf4 33. Nxf4 Rf8 34. Nxd5
cxd5 35. Qf4 Rc8 36. Rd6 Qf7 37. Qf3 Rc7 38. h4 Rd7 39. Rb6 g6 40. h5 g5 41.
Rxb5 Qe6 42. c4 g4 43. Qf4 dxc4 44. Rxf5 c3 45. Rf6 Qd5+ 46. Kg1 Qf3 47. Qxh6+
Kg8 48. Rxf3 1-0

[Event "World Blitz 2015"]
[Site "Berlin GER"]
[Date "2015.10.13"]
[Round "5.71"]
[White "Hilverda, Alexander"]
[Black "Bluebaum, Matthias"]
[Result "0-1"]
[BlackTitle "GM"]
[WhiteElo "2384"]
[BlackElo "2588"]
[WhiteFideId "4695437"]
[BlackFideId "24651516"]
[EventDate "2015.10.13"]

1. d4 d5 2. c4 e6 3. Nc3 Bb4 4. Nf3 Nf6 5. Qa4+ Nc6 6. e3 O-O 7. Be2 dxc4 8. a3
Bd6 9. Bxc4 a6 10. Qc2 e5 11. dxe5 Nxe5 12. Nxe5 Bxe5 13. h3 b5 14. Be2 Bb7 15.
O-O c5 16. Rd1 Qe7 17. Bd2 Bc7 18. Qf5 h6 19. Be1 g6 20. Qc2 Qe5 21. g3 Qe6 22.
Bf1 Qc6 23. e4 c4 24. Bg2 Qc5 25. Kh2 Rfe8 26. f4 Bb6 27. Bd2 Qh5 28. Rf1 Ng4+
29. Kh1 Nf2+ 30. Kh2 Rad8 31. Be1 Ng4+ 32. Kh1 Ne3 33. Qf2 Bc8 34. Qf3 Bg4 35.
Qf2 Bxh3 36. Bf3 Bg2+ 0-1

[Event "World Blitz 2015"]
[Site "Berlin GER"]
[Date "2015.10.13"]
[Round "5.72"]
[White "Stern, Rene"]
[Black "Polzin, Rainer"]
[Result "1-0"]
[WhiteTitle "GM"]
[BlackTitle "GM"]
[WhiteElo "2538"]
[BlackElo "2416"]
[WhiteFideId "4611799"]
[BlackFideId "4610741"]
[EventDate "2015.10.13"]

1. d4 Nf6 2. c4 g6 3. Nc3 Bg7 4. e4 d6 5. Nf3 O-O 6. Be2 Na6 7. O-O e5 8. Be3
Ng4 9. Bg5 Qe8 10. dxe5 dxe5 11. h3 f6 12. Bd2 Nh6 13. a3 Nf7 14. b4 c6 15. Qc2
f5 16. exf5 gxf5 17. Rfe1 e4 18. Bf1 Qd8 19. Nh2 Qh4 20. g3 Qf6 21. Rad1 Be6 22.
Ne2 Rae8 23. Bc3 Qh6 24. Nf4 Ne5 25. Nxe6 Rxe6 26. c5 Kh8 27. Qb2 Nc7 28. Rd6
Nf7 29. Bxg7+ Qxg7 30. Qxg7+ Kxg7 31. Rd7 Nd5 32. Rxb7 Kf6 33. Rxa7 Ne5 34. Rd1
h5 35. Be2 h4 36. g4 f4 37. Rh7 f3 38. Bf1 Ng6 39. Rh5 Ndf4 40. Rf5+ Kg7 41.
Rd7+ Kh6 42. g5+ 1-0

[Event "World Blitz 2015"]
[Site "Berlin GER"]
[Date "2015.10.13"]
[Round "5.73"]
[White "Ponkratov, Pavel"]
[Black "Bruedigam, Martin"]
[Result "1-0"]
[WhiteTitle "GM"]
[BlackTitle "FM"]
[WhiteElo "2604"]
[BlackElo "2375"]
[WhiteFideId "4157800"]
[BlackFideId "24608033"]
[EventDate "2015.10.13"]

1. d4 Nf6 2. Bg5 e6 3. Nd2 h6 4. Bh4 d5 5. Ngf3 c5 6. e3 Nc6 7. c3 Bd6 8. Bd3
O-O 9. O-O Re8 10. e4 cxd4 11. cxd4 dxe4 12. Bxe4 Be7 13. Bxc6 bxc6 14. Qc2 Rb8
15. Rac1 Qd5 16. b3 Bb7 17. Rfe1 Rec8 18. Re5 Qd8 19. Bg3 Bd6 20. Ree1 c5 21.
Bxd6 Qxd6 22. dxc5 Qc6 23. Qc3 Ba8 24. Qa5 a6 25. Rc4 Rb5 26. Qa4 Rxc5 27. Rxc5
Qxc5 28. Qxa6 Nd5 29. Qc4 Qf8 30. Qd4 Qa3 31. h3 Qxa2 32. Ra1 Qc2 33. b4 Qc3 34.
b5 Qxd4 35. Nxd4 Nb6 36. Ra6 Nd5 37. N2b3 Nf4 38. f3 Bd5 39. Na5 Rc1+ 40. Kf2
Nd3+ 41. Ke3 Nb4 42. Ra7 Rc3+ 43. Ke2 e5 44. Nf5 Rc2+ 45. Ke3 Rc3+ 46. Kd2 Rc2+
47. Ke3 Rc3+ 48. Kf2 Rc2+ 49. Kg3 Be6 50. Ne7+ Kf8 51. Nec6 Nd5 52. Ra8+ 1-0

[Event "World Blitz 2015"]
[Site "Berlin GER"]
[Date "2015.10.13"]
[Round "5.74"]
[White "Romanov, Evgeny"]
[Black "Seel, Christian"]
[Result "0-1"]
[WhiteTitle "GM"]
[BlackTitle "IM"]
[WhiteElo "2573"]
[BlackElo "2474"]
[WhiteFideId "4148843"]
[BlackFideId "4663098"]
[EventDate "2015.10.13"]

1. Nf3 Nf6 2. c4 c6 3. d4 d5 4. Qb3 g6 5. Bf4 Bg7 6. e3 O-O 7. Nc3 a6 8. cxd5
Nxd5 9. Be5 Nxc3 10. bxc3 b5 11. Bxg7 Kxg7 12. Be2 Be6 13. Qb2 Bd5 14. O-O Nd7
15. c4 bxc4 16. Rac1 Qa5 17. Bxc4 Bxf3 18. gxf3 Rab8 19. Qc3 Qg5+ 20. Kh1 Qf6
21. f4 Rb6 22. a4 c5 23. dxc5 Nxc5 24. a5 Rd6 25. Qxf6+ Kxf6 26. Kg2 Nb7 27. Ra1
Rc8 28. Be2 Rc5 29. Bf3 Nxa5 30. Ra4 Nb3 31. Rd1 Nd2 32. Be2 a5 33. e4 e5 34.
fxe5+ Kxe5 35. f3 0-1

[Event "World Blitz 2015"]
[Site "Berlin GER"]
[Date "2015.10.13"]
[Round "5.75"]
[White "Naumann, Alexander"]
[Black "Bok, Benjamin"]
[Result "1-0"]
[WhiteTitle "GM"]
[BlackTitle "GM"]
[WhiteElo "2545"]
[BlackElo "2591"]
[WhiteFideId "4623169"]
[BlackFideId "1017063"]
[EventDate "2015.10.13"]

1. d4 Nf6 2. c4 g6 3. Nf3 Bg7 4. g3 O-O 5. Bg2 c5 6. O-O cxd4 7. Nxd4 d5 8. cxd5
Nxd5 9. Nb5 a6 10. N5c3 Nxc3 11. Nxc3 Nc6 12. Be3 Be6 13. Qa4 Qc7 14. Rac1 Rfd8
15. Qh4 Nd4 16. Nd5 Nxe2+ 17. Kh1 Qe5 18. Nxe7+ Kh8 19. Rce1 Qxb2 20. Bg5 Re8
21. Rb1 Qxa2 22. Rxb7 Rab8 23. Rxb8 Rxb8 24. Bf6 Rb1 25. Bxg7+ Kxg7 26. Qe4
Rxf1+ 27. Bxf1 Qa3 28. Qe5+ Kf8 29. Nc6 Qf3+ 30. Bg2 Nxg3+ 31. hxg3 Qd1+ 32. Kh2
Qh5+ 33. Qxh5 gxh5 34. Bf1 Bc8 35. Be2 h4 36. gxh4 f6 37. Kg3 Kf7 38. Kf4 Bd7
39. Nb8 Bb5 40. Bxb5 axb5 41. Nc6 Kg6 42. Kg4 f5+ 43. Kf4 Kf6 44. Nb4 Ke6 45.
Kg5 Ke5 46. Kh6 Ke4 47. Kxh7 Kf3 48. Kg6 f4 49. Kf5 Kxf2 50. Kxf4 Ke2 51. h5 1-0

[Event "World Blitz 2015"]
[Site "Berlin GER"]
[Date "2015.10.13"]
[Round "5.76"]
[White "Al-Sayed, Mohammed"]
[Black "Grandelius, Nils"]
[Result "1-0"]
[WhiteTitle "GM"]
[BlackTitle "GM"]
[WhiteElo "2520"]
[BlackElo "2647"]
[WhiteFideId "12100196"]
[BlackFideId "1710400"]
[EventDate "2015.10.13"]

1. d4 Nf6 2. c4 e6 3. Nf3 d5 4. Nc3 Bb4 5. cxd5 exd5 6. Bg5 h6 7. Bxf6 Qxf6 8.
Qa4+ Nc6 9. e3 O-O 10. Be2 Be6 11. O-O a6 12. Rac1 Bd6 13. Qd1 Rad8 14. Na4 Ne7
15. Nc5 Bc8 16. b4 c6 17. a4 g5 18. b5 axb5 19. axb5 g4 20. Ne5 h5 21. bxc6 bxc6
22. Ncd3 c5 23. Rxc5 Bxc5 24. Nxc5 Qg5 25. f4 Qg7 26. Qb1 Nf5 27. Bd3 Nxe3 28.
Re1 Nc4 29. Nc6 Rde8 30. Bxc4 dxc4 31. Re5 Rxe5 32. dxe5 Qh6 33. Ne7+ Kh8 34.
Qc1 Qb6 35. Qxc4 Be6 36. Qd4 Rd8 37. Qc3 Qc7 38. f5 Qxe7 39. fxe6 fxe6 40. Qe3
Rd1+ 41. Kf2 Qf7+ 42. Kg3 Kh7 43. Ne4 Ra1 44. Ng5+ 1-0

[Event "World Blitz 2015"]
[Site "Berlin GER"]
[Date "2015.10.13"]
[Round "5.78"]
[White "Petursson, Margeir"]
[Black "Fedorchuk, Sergey A."]
[Result "1-0"]
[WhiteTitle "GM"]
[BlackTitle "GM"]
[WhiteElo "2520"]
[BlackElo "2635"]
[WhiteFideId "2300028"]
[BlackFideId "14102536"]
[EventDate "2015.10.13"]

1. c4 e5 2. Nc3 Nc6 3. g3 Bc5 4. Bg2 d6 5. e3 a6 6. Nge2 Ba7 7. Rb1 h5 8. h4 Nf6
9. b4 Be6 10. Nd5 Rb8 11. a4 a5 12. b5 Nb4 13. Nxb4 axb4 14. d3 d5 15. Qc2 Qe7
16. Bd2 dxc4 17. Bxb4 Bc5 18. Bxc5 Qxc5 19. d4 exd4 20. Nxd4 Bd5 21. O-O Bxg2
22. Kxg2 Qd5+ 23. Kg1 Ng4 24. Qf5 Qxf5 25. Nxf5 g6 26. Nd4 Ra8 27. Rb4 Ne5 28.
f4 Ng4 29. Rxc4 O-O 30. Re1 Rfe8 31. Nc2 Re7 32. e4 Rd7 33. Re2 Rd1+ 34. Kg2 Rd3
35. e5 c6 36. bxc6 bxc6 37. e6 fxe6 38. Rxc6 Rxa4 39. Rcxe6 Kg7 40. Rc6 Ra2 41.
Re7+ Kh6 42. Rcc7 Nf6 43. Rc8 Rd2+ 44. Kf3 Rd3+ 45. Ke2 Rd7 46. Rh8+ Nh7 47.
Rhxh7# 1-0

[Event "World Blitz 2015"]
[Site "Berlin GER"]
[Date "2015.10.13"]
[Round "5.79"]
[White "Nikolic, Predrag"]
[Black "Tari, Aryan"]
[Result "1/2-1/2"]
[WhiteTitle "GM"]
[BlackTitle "IM"]
[WhiteElo "2603"]
[BlackElo "2521"]
[WhiteFideId "14400014"]
[BlackFideId "1510045"]
[EventDate "2015.10.13"]

1. d4 Nf6 2. Nf3 d5 3. c4 dxc4 4. e3 b5 5. a4 b4 6. Bxc4 e6 7. O-O Be7 8. Nbd2
O-O 9. Qe2 Nbd7 10. a5 a6 11. Nb3 c5 12. Rd1 Bb7 13. Bd2 Qb8 14. Be1 Rc8 15.
Rac1 cxd4 16. Nfxd4 Ne5 17. f3 Nxc4 18. Rxc4 Bd5 19. Rxc8+ Qxc8 20. Rc1 Qd7 21.
e4 Bb7 22. Bf2 Rc8 23. Rc4 Ne8 24. Qc2 Rxc4 25. Qxc4 Nd6 26. Qc2 Nb5 27. Nxb5
Qxb5 28. h3 h6 29. Qc7 Bf6 30. Bd4 Bxd4+ 31. Nxd4 Qd3 32. Qb6 Qd1+ 33. Kh2 Qd2
34. Nxe6 fxe6 35. Qxb7 Qf4+ 36. Kg1 Qc1+ 37. Kh2 Qf4+ 38. Kg1 Qc1+ 39. Kh2 Qxb2
40. Qxa6 Qe5+ 41. Kg1 b3 42. Qb6 Qa1+ 43. Kh2 Qe5+ 44. Kg1 Qa1+ 45. Kh2 Qe5+ 46.
Kg1 Qa1+ 47. Kh2 b2 48. Qxe6+ Kh8 49. Qc8+ Kh7 50. Qf5+ Kg8 51. Qc8+ Kh7 52.
Qf5+ Kg8 1/2-1/2

[Event "World Blitz 2015"]
[Site "Berlin GER"]
[Date "2015.10.13"]
[Round "5.80"]
[White "Postny, Evgeny"]
[Black "Wendt, Jan-Dietrich"]
[Result "1-0"]
[WhiteTitle "GM"]
[BlackTitle "FM"]
[WhiteElo "2658"]
[BlackElo "2332"]
[WhiteFideId "2804344"]
[BlackFideId "4623797"]
[EventDate "2015.10.13"]

1. d4 Nf6 2. c4 g6 3. Nc3 d5 4. Bf4 Bg7 5. e3 O-O 6. Rc1 c6 7. Nf3 Bg4 8. h3
Bxf3 9. Qxf3 e6 10. Bd3 Nbd7 11. O-O Re8 12. Rfd1 a6 13. Bf1 b5 14. cxd5 cxd5
15. a4 bxa4 16. Nxa4 Rc8 17. Qe2 a5 18. Qa6 Ne4 19. Bb5 Rxc1 20. Rxc1 Rf8 21. f3
Nef6 22. Bd6 h6 23. Bxf8 Nxf8 24. Rc8 Qe7 25. Nc5 Kh7 26. Qb7 Qxb7 27. Nxb7 N8d7
28. Bxd7 Nxd7 29. Rc7 1-0

[Event "World Blitz 2015"]
[Site "Berlin GER"]
[Date "2015.10.13"]
[Round "5.81"]
[White "Seirawan, Yasser"]
[Black "Vogel, Roven"]
[Result "1-0"]
[WhiteTitle "GM"]
[WhiteElo "2620"]
[BlackElo "2417"]
[WhiteFideId "2000032"]
[BlackFideId "12908088"]
[EventDate "2015.10.13"]

1. c4 c5 2. Nc3 Nc6 3. g3 Nf6 4. Bg2 g6 5. a3 Bg7 6. Rb1 a5 7. Nf3 d6 8. O-O O-O
9. d3 Bd7 10. Bg5 h6 11. Bd2 Kh7 12. Ne1 Qc8 13. Nc2 Bh3 14. b4 axb4 15. axb4
Bxg2 16. Kxg2 b6 17. e4 e6 18. Qe2 Qd7 19. b5 Nd4 20. Nxd4 cxd4 21. Nd1 Ra2 22.
Rb2 Rfa8 23. Bb4 Ra1 24. f4 Qc7 25. Nf2 Rxf1 26. Kxf1 Nd7 27. Ra2 Rxa2 28. Qxa2
Nc5 29. Qa8 f5 30. Bxc5 dxc5 31. Qe8 fxe4 32. Nxe4 e5 33. fxe5 Bxe5 34. Kg2 Bg7
35. h4 Qa7 36. h5 gxh5 37. Qxh5 Kg8 38. Qe8+ Kh7 39. Kh3 Qa3 40. Qh5 Kg8 41. Qg6
Kh8 42. Nd6 Qc1 43. Qe8+ Kh7 44. Qe4+ Kg8 45. Nf5 Qg5 46. Qg4 Qf6 47. Qe4 Qg5
48. Qe6+ Kh7 49. Ne7 Qe3 50. Qg8# 1-0

[Event "World Blitz 2015"]
[Site "Berlin GER"]
[Date "2015.10.13"]
[Round "5.82"]
[White "Halkias, Stelios"]
[Black "Sawlin, Leonid"]
[Result "1-0"]
[WhiteTitle "GM"]
[WhiteElo "2534"]
[BlackElo "2258"]
[WhiteFideId "4201809"]
[BlackFideId "4689542"]
[EventDate "2015.10.13"]

1. Nf3 d5 2. d4 Nf6 3. c4 e6 4. g3 dxc4 5. Bg2 Nc6 6. O-O Rb8 7. Bg5 Be7 8. e3
O-O 9. Nbd2 b5 10. Bxf6 Bxf6 11. Ne4 Be7 12. b3 cxb3 13. axb3 a6 14. Qb1 Nb4 15.
Rc1 Bb7 16. Nc5 Bxc5 17. Rxc5 Qd6 18. Ng5 g6 19. Bxb7 Rxb7 20. Qe4 c6 21. Qh4 f6
22. Ne4 Qe7 23. Rcc1 f5 24. Ng5 Ra8 25. Kh1 a5 26. g4 Rba7 27. gxf5 exf5 28. Rg1
a4 29. bxa4 Rxa4 30. Rxa4 bxa4 31. Qh6 Qg7 32. Qh4 a3 33. Nxh7 a2 34. Nf6+ Kf7
35. Nd7 a1=Q 36. Rxa1 Rxa1+ 37. Kg2 g5 38. Qh5+ Ke7 39. Ne5 Nd5 40. Qf3 Qf6 41.
Qh5 Qg7 42. Qf3 Ra2 43. Nxc6+ Kd6 44. Ne5 g4 45. Qg3 f4 46. exf4 Qh6 47. Nf7+
Ke6 48. Nxh6 Kf6 49. Nxg4+ Ke6 50. Ne5 Kd6 51. Qg6+ Kc7 52. Qc6+ 1-0